Disseny de la formació per als professionals en participació ciutadana : eines per a la participació ciutadana / Clàudia Vallvé eines per a la participació ciutadana / Clàudia Vallvé
Descripción Física:
71 p. : taules, gràf. ; 30 cm
Colección:
Papers de participació ciutadana ; 13
MARC
| LEADER | 00000nam a2200000Ia 4500 | ||
|---|---|---|---|
| 001 | 16572 | ||
| 008 | 160829s9999 xx 000 0 cat d | ||
| 080 | |a M-5-33 | ||
| 100 | |a Vallvé, Clàudia |9 27450 | ||
| 245 | |a Disseny de la formació per als professionals en participació ciutadana : |b eines per a la participació ciutadana / Clàudia Vallvé | ||
| 260 | |a [Barcelona] : |b Diputació de Barcelona, Xarxa de Municipis, DL 2004 | ||
| 300 | |a 71 p. : |b taules, gràf. ; |c 30 cm | ||
| 490 | |a Papers de participació ciutadana ; 13 | ||
| 590 | |a A la part superior de la coberta: Flor de Maig, Centre per a la Participació Ciutadana | ||
| 650 | |a Participació política |x Barcelona |9 27451 | ||
| 650 | |a Administració local |x Barcelona |x Participació ciutadana |9 27452 | ||
| 710 | |a Flor de Maig |9 54173 | ||
| 710 | 1 | |a Barcelona (Catalunya : Província). |b Diputació |9 52408 | |
| 901 | |a Arxiu | ||
| 942 | |n 1 | ||
| 952 | |0 0 |1 0 |4 0 |6 M533 |7 1 |9 44394 |a Arxiu |b Arxiu |d 2016-12-01 |l 0 |o M-5-33 |p 16572 |r 2016-12-01 00:00:00 |w 2016-12-01 |y ARXIU | ||
| 999 | |c 46975 |d 46975 | ||